[Event "Tournoi Skype 029A"]
[Site "Skype"]
[Date "????.??.??"]
[Round "1.33"]
[White "Silvestre Da Silva, Sidnei"]
[Black "Chavero, Victor"]
[Result "0-1"]
[WhiteElo "1566"]
[BlackElo "1283"]
[PlyCount "52"]

1. e4 e6 2. d4 c5 3. Nf3 cxd4 4. Nxd4 Nc6 5. Nc3 a6 6. Be3 Be7 7. f3 e5 8. Nb3
Nf6 9. Nd5 O-O 10. g4 Nxd5 11. Qxd5 Bh4+ 12. Kd2 Qf6 13. Be2 Bg5 14. h4 Bxe3+
15. Kxe3 Qf4+ 16. Kf2 Rd8 17. Qd6 Re8 18. Nc5 b6 19. Nd3 Qd2 20. Qc7 Nd4 21.
Rae1 Nxc2 22. Rd1 Qe3+ 23. Kf1 Nd4 24. Nc1 Nxe2 25. Nxe2 Qxf3+ 26. Ke1 Qxh1+
0-1

[Event "Tournoi Skype 029A"]
[Site "Skype"]
[Date "????.??.??"]
[Round "1.34"]
[White "Grib, Johannes"]
[Black "Mishra, Sourabh"]
[Result "1-0"]
[WhiteElo "1259"]
[BlackElo "1564"]
[PlyCount "65"]

1. c4 Nf6 2. Nc3 e6 3. a3 d5 4. cxd5 exd5 5. e3 Bd6 6. h3 O-O 7. Nf3 Nbd7 8. b4
Re8 9. Bb2 c5 10. Nb5 Bf8 11. g4 a6 12. Nc3 cxb4 13. axb4 Bxb4 14. Ne2 Nc5 15.
Nf4 Qc7 16. Bxf6 Qxf4 17. Be5 Rxe5 18. Be2 Qe4 19. O-O Re8 20. d4 Ne6 21. Bd3
Nf4 22. Bxe4 Nxh3+ 23. Kg2 dxe4 24. Ne5 Bc3 25. Qa4 b5 26. Qb3 Be6 27. Qxc3 Ng5
28. Rfc1 f6 29. Nc6 Bxg4 30. Qb3+ Be6 31. d5 Bh3+ 32. Kg3 Bf1 33. Rxf1 1-0

[Event "Tournoi Skype 029A"]
[Site "Skype"]
[Date "????.??.??"]
[Round "1.35"]
[White "Castillo, Jesus"]
[Black "L'Herbon De Lussats, Jean"]
[Result "0-1"]
[WhiteElo "1557"]
[BlackElo "1259"]
[PlyCount "56"]

1. e4 c5 2. Nf3 d6 3. d4 cxd4 4. Nxd4 Nf6 5. Nc3 a6 6. f4 Nc6 7. Be2 e6 8. Nxc6
bxc6 9. e5 Nd5 10. exd6 Bxd6 11. Qd4 O-O 12. O-O Qe7 13. Bc4 Bc5 14. Nxd5 cxd5
15. Qf2 Bxf2+ 16. Rxf2 dxc4 17. Be3 Bb7 18. Re1 f6 19. Bd4 Rad8 20. Bc3 Rd7 21.
a3 Rfd8 22. Bb4 Qf7 23. Kf1 Rd1 24. f5 e5 25. Ba5 R8d7 26. h3 Qh5 27. Bc3 Rxe1+
28. Kxe1 Qd1# 0-1

[Event "Tournoi Skype 029A"]
[Site "Skype"]
[Date "????.??.??"]
[Round "1.36"]
[White "Yeter, Orhan"]
[Black "Khetre, Gaurav"]
[Result "0-1"]
[WhiteElo "1245"]
[BlackElo "1540"]
[PlyCount "166"]

1. e4 e6 2. d4 d5 3. exd5 exd5 4. Nf3 Bd6 5. Bd3 Nf6 6. O-O O-O 7. Bg5 Bg4 8.
h3 Bh5 9. Nbd2 Nbd7 10. Re1 c6 11. c3 Qc7 12. Qc2 Rae8 13. Bxf6 Nxf6 14. Rad1
Bf4 15. Rxe8 Rxe8 16. g4 Bg6 17. Bxg6 hxg6 18. c4 dxc4 19. Nxc4 Nd5 20. Nce5
Bxe5 21. dxe5 Nf4 22. h4 Qc8 23. Nh2 Rxe5 24. Qd2 Nd5 25. Qd4 Re2 26. Kf1 Qe6
27. Nf3 a6 28. Ng5 Qe5 29. Qxe5 Rxe5 30. Nf3 Re4 31. g5 Rb4 32. b3 Rf4 33. Rd3
Kf8 34. Ke2 Re4+ 35. Kd2 Nb4 36. Rd7 b5 37. a3 Nd5 38. Ra7 Rf4 39. Ke2 Nc3+ 40.
Ke3 Nd5+ 41. Ke2 Re4+ 42. Kf1 Rf4 43. Kg2 a5 44. Rxa5 Rg4+ 45. Kh3 Rf4 46. Kg3
Re4 47. Ra6 c5 48. Ra5 Nc3 49. Ra8+ Ke7 50. Ra7+ Kf8 51. Nd2 Rd4 52. Nf3 Ne2+
53. Kh3 Rf4 54. Ne5 Rxf2 55. Nc6 f5 56. Ra8+ Kf7 57. Ra7+ Kf8 58. Ne5 Nd4 59.
Nxg6+ Kg8 60. Ne7+ Kf8 61. Ng6+ Kg8 62. Ra8+ Kf7 63. Ne5+ Ke6 64. Re8+ Kd5 65.
Kg3 Re2 66. Kf4 Ne6+ 67. Kxf5 Rxe5+ 68. Kg6 Nf4+ 69. Kf7 Rxe8 70. Kxe8 c4 71.
bxc4+ bxc4 72. a4 c3 73. a5 Kc6 74. Kf7 c2 75. a6 Kb6 76. Kxg7 c1=Q 77. Kf6
Qc6+ 78. Kf5 Nh5 79. g6 Ng7+ 80. Kg5 Qe6 81. Kh6 Nf5+ 82. Kh7 Qe7+ 83. Kh8 Qg7#
0-1

[Event "Tournoi Skype 029A"]
[Site "Skype"]
[Date "????.??.??"]
[Round "1.37"]
[White "Casey, Eamonn"]
[Black "Ram, Madhukesh"]
[Result "0-1"]
[WhiteElo "1538"]
[BlackElo "1243"]
[PlyCount "90"]

1. d4 Nf6 2. c4 g6 3. Nc3 Bg7 4. e4 d6 5. Be2 O-O 6. Be3 Nc6 7. h3 e5 8. d5 Ne7
9. Nf3 Ne8 10. Qd2 f5 11. Bh6 Nf6 12. Bxg7 Kxg7 13. Bd3 Bd7 14. exf5 gxf5 15.
Qg5+ Kh8 16. Nh4 e4 17. Be2 Qe8 18. O-O-O Qf7 19. Rdg1 Rg8 20. Qf4 Ng6 21.
Nxg6+ Rxg6 22. Nxe4 Nxe4 23. Bh5 Rag8 24. Bxg6 Rxg6 25. g4 Qg7 26. f3 Nf2 27.
Qh2 Nxh1 28. Rxh1 Qe5 29. Qd2 fxg4 30. hxg4 Qg5 31. Qxg5 Rxg5 32. Re1 Re5 33.
Rg1 Kg7 34. f4 Re4 35. f5 Rxc4+ 36. Kd2 Rd4+ 37. Ke3 Rxd5 38. Kf4 h6 39. Re1
Kf6 40. Rh1 Rd4+ 41. Kg3 Kg5 42. Rh5+ Kf6 43. Rxh6+ Ke5 44. f6 Rxg4+ 45. Kf3
Rf4+ 0-1

[Event "Tournoi Skype 029A"]
[Site "Skype"]
[Date "????.??.??"]
[Round "1.38"]
[White "Quispe, Alberto"]
[Black "Altinok, Selim"]
[Result "1/2-1/2"]
[WhiteElo "1230"]
[BlackElo "1536"]
[PlyCount "108"]

1. e4 c6 2. d4 d5 3. e5 Bf5 4. Bd3 Bxd3 5. Qxd3 e6 6. Nf3 Qb6 7. O-O Nd7 8. a3
c5 9. c3 Ne7 10. b4 cxd4 11. cxd4 Nc6 12. Nc3 Be7 13. Bd2 O-O 14. Rac1 Rfc8 15.
Na4 Qd8 16. Rc2 Nb6 17. Nxb6 Qxb6 18. Rfc1 a6 19. Qb3 Na7 20. Rxc8+ Rxc8 21.
Rxc8+ Nxc8 22. Qc2 Na7 23. h4 h6 24. g4 Qc6 25. Qd1 Qc4 26. g5 Kh7 27. gxh6
gxh6 28. h5 Qd3 29. Kg2 Nc6 30. Qc1 Nxd4 31. Nxd4 Qxd4 32. Bf4 Qe4+ 33. Kg3
Qd3+ 34. f3 Qc4 35. Bxh6 Qxc1 36. Bxc1 Bf8 37. Kg4 Bh6 38. f4 Kg7 39. Bb2 Kf8
40. Bd4 Kg7 41. Kf3 Kh7 42. Kg4 Kg7 43. Kf3 Kh7 44. Bf2 Bf8 45. Kg4 Be7 46. Bd4
Kh6 47. Be3 Kh7 48. f5 a5 49. Bd2 axb4 50. axb4 b5 51. Bc3 Kh6 52. Bd2+ Kh7 53.
Bc3 Kh6 54. Bd2+ Kh7 1/2-1/2

[Event "Tournoi Skype 029A"]
[Site "Skype"]
[Date "????.??.??"]
[Round "1.39"]
[White "Sanchez Ruiz, Justo"]
[Black "Trivedi, Viral"]
[Result "1/2-1/2"]
[WhiteElo "1526"]
[BlackElo "1230"]
[PlyCount "40"]

1. e4 e6 2. d4 d5 3. e5 c5 4. c3 Nc6 5. Nf3 Bd7 6. a3 f6 7. Bd3 cxd4 8. cxd4
fxe5 9. dxe5 Nge7 10. O-O g6 11. Nc3 Bg7 12. Qe2 O-O 13. b4 Nf5 14. Bb2 a6 15.
b5 axb5 16. Nxb5 Qb6 17. Bxf5 Rxf5 18. Nbd4 Nxd4 19. Bxd4 Qc7 20. Qb2 Bc6
1/2-1/2

[Event "Tournoi Skype 029A"]
[Site "Skype"]
[Date "????.??.??"]
[Round "1.40"]
[White "Vaswani, Manohar"]
[Black "Hague, Mark"]
[Result "0-1"]
[WhiteElo "1196"]
[BlackElo "1525"]
[PlyCount "58"]

1. e4 c6 2. Nf3 d5 3. exd5 cxd5 4. Bb5+ Bd7 5. Bxd7+ Nxd7 6. O-O e5 7. d3 Ngf6
8. Bg5 Bd6 9. Re1 O-O 10. Nc3 Qb6 11. Rb1 Rfe8 12. Ne2 h6 13. Be3 d4 14. Bd2
Rac8 15. Ng3 Bb8 16. Nh4 Kh7 17. Nhf5 Qc7 18. Nh5 Nxh5 19. Qxh5 Nf6 20. Qh4 Ng8
21. g4 f6 22. g5 fxg5 23. Bxg5 Qf7 24. Ng3 Rf8 25. Ne4 Rxc2 26. Rec1 Rxc1+ 27.
Bxc1 Qxa2 28. Nd2 Qf7 29. Qe4+ Kh8 0-1

[Event "Tournoi Skype 029A"]
[Site "Skype"]
[Date "????.??.??"]
[Round "1.41"]
[White "Aranzubia, Desiderio"]
[Black "Bendre, Pankaj"]
[Result "0-1"]
[WhiteElo "1524"]
[BlackElo "1182"]
[PlyCount "32"]

1. d4 d5 2. Nf3 Nf6 3. c4 e6 4. Bf4 b6 5. Nc3 Bb7 6. e3 Bb4 7. a3 Bxc3+ 8. bxc3
O-O 9. cxd5 exd5 10. Be2 Nbd7 11. Nd2 c5 12. O-O c4 13. Bf3 Re8 14. Nxc4 Ba6
15. Nd6 Re6 16. Bxd5 Nxd5 0-1

[Event "Tournoi Skype 029A"]
[Site "Skype"]
[Date "????.??.??"]
[Round "1.42"]
[White "Khunte, Aniruddha"]
[Black "Saponara, Jose Maria"]
[Result "0-1"]
[WhiteElo "1174"]
[BlackElo "1524"]
[PlyCount "52"]

1. e4 c5 2. Nf3 e6 3. d4 cxd4 4. Nxd4 a6 5. c4 Qc7 6. b3 Nc6 7. Bb2 Nf6 8. Nxc6
dxc6 9. Qf3 Bb4+ 10. Bc3 Bxc3+ 11. Nxc3 Qe5 12. Rd1 b5 13. Qd3 O-O 14. Be2 Bb7
15. O-O Rab8 16. Qd4 Qxd4 17. Rxd4 c5 18. Rdd1 Nxe4 19. Nxe4 Bxe4 20. cxb5 axb5
21. f3 Bd5 22. Rd2 Rfc8 23. Rc1 Kf8 24. Rdc2 c4 25. Bxc4 bxc4 26. bxc4 Bc6 0-1

[Event "Tournoi Skype 029A"]
[Site "Skype"]
[Date "????.??.??"]
[Round "1.43"]
[White "Garcia Diaz, Jose"]
[Black "Vello, Pablo"]
[Result "1-0"]
[WhiteElo "1506"]
[BlackElo "1135"]
[PlyCount "53"]

1. d4 Nf6 2. c4 e6 3. Nc3 Bb4 4. Bd2 O-O 5. a3 Bxc3 6. Bxc3 d6 7. e3 Ne4 8. Ne2
b6 9. f3 Qh4+ 10. g3 Nxc3 11. Nxc3 Qe7 12. Bd3 Bb7 13. O-O Nd7 14. f4 Nf6 15.
Qc2 Rad8 16. e4 c5 17. d5 exd5 18. Nxd5 Bxd5 19. cxd5 c4 20. Qxc4 Rc8 21. Qa4
Rc7 22. Rac1 Rfc8 23. Rxc7 Rxc7 24. Re1 Nd7 25. Qd1 Nf8 26. e5 dxe5 27. d6 1-0

[Event "Tournoi Skype 029A"]
[Site "Skype"]
[Date "????.??.??"]
[Round "1.44"]
[White "Navghane, Rahul"]
[Black "Vilas Boas, Crisolon Terto"]
[Result "1-0"]
[WhiteElo "1026"]
[BlackElo "1488"]
[PlyCount "63"]

1. b3 e5 2. Bb2 Nc6 3. e3 d5 4. Bb5 Bd6 5. Nf3 Bg4 6. h3 Bxf3 7. Qxf3 e4 8. Qg4
Bf8 9. Bxg7 Bxg7 10. Qxg7 Qf6 11. Qxf6 Nxf6 12. Nc3 O-O 13. f3 Ne5 14. fxe4
dxe4 15. O-O Kg7 16. Rf5 Ng6 17. Raf1 Ng8 18. Nxe4 c6 19. Bc4 N8e7 20. R5f2 Ne5
21. Be2 f5 22. Ng5 Rf6 23. d4 N5g6 24. e4 f4 25. Bg4 Kh6 26. Ne6 Ng8 27. e5 Rf7
28. Nxf4 Nxf4 29. Rxf4 Re7 30. Rf5 Kg7 31. Rh5 Nf6 32. exf6+ 1-0

[Event "Tournoi Skype 029A"]
[Site "Skype"]
[Date "????.??.??"]
[Round "1.45"]
[White "Yardimci, Ertan"]
[Black "Zendeboodi, Fariba"]
[Result "1/2-1/2"]
[WhiteElo "1208"]
[BlackElo "1468"]
[PlyCount "69"]

1. d4 Nf6 2. Nf3 d5 3. c4 c6 4. Nc3 e6 5. Bg5 Be7 6. e3 Nbd7 7. Rc1 O-O 8. Be2
dxc4 9. Bxc4 b5 10. Bd3 Bb7 11. O-O h6 12. Bh4 a5 13. a4 b4 14. Ne4 Nxe4 15.
Bxe7 Nxf2 16. Rxf2 Qxe7 17. Qc2 Rac8 18. Be4 Nf6 19. Ne5 Nxe4 20. Qxe4 c5 21.
Qf4 cxd4 22. Rxc8 Bxc8 23. exd4 Qc7 24. h3 Bb7 25. Nd3 Qxf4 26. Rxf4 Bd5 27.
Nc5 Rd8 28. Rf2 g5 29. Rd2 Kg7 30. Kf2 Kg6 31. g3 f6 32. Ke3 h5 33. Rf2 Kf7 34.
Ne4 Bxe4 35. Kxe4 1/2-1/2

[Event "Tournoi Skype 029A"]
[Site "Skype"]
[Date "????.??.??"]
[Round "2.3"]
[White "Deville, Olivier"]
[Black "Calderon, Francisco"]
[Result "1-0"]
[WhiteElo "1807"]
[BlackElo "1604"]
[PlyCount "55"]

1. d4 d5 2. c4 c6 3. Nf3 Bg4 4. Ne5 Bf5 5. Qb3 Bc8 6. Nc3 e6 7. Bf4 Bd6 8. e3
Nf6 9. Be2 Bxe5 10. Bxe5 Nbd7 11. Bg3 O-O 12. O-O Re8 13. Rfd1 a6 14. Rac1 dxc4
15. Qxc4 Nb6 16. Qb3 Nfd5 17. Ne4 Re7 18. Bh4 g6 19. Bxe7 Qxe7 20. Nc5 e5 21.
dxe5 Qxe5 22. Bf3 Rb8 23. e4 Qc7 24. exd5 cxd5 25. Nxa6 Qxc1 26. Rxc1 bxa6 27.
g3 Nd7 28. Qxb8 1-0

[Event "Tournoi Skype 029A"]
[Site "Skype"]
[Date "????.??.??"]
[Round "2.4"]
[White "Khetre, Gaurav"]
[Black "Montalvo, Mario"]
[Result "0-1"]
[WhiteElo "1540"]
[BlackElo "1800"]
[PlyCount "76"]

1. e4 d6 2. d4 Nf6 3. Bd3 g6 4. Ne2 Bg7 5. O-O O-O 6. h3 e5 7. d5 Na6 8. Be3
Nc5 9. Nd2 Bd7 10. b4 Nxd3 11. cxd3 a5 12. a3 axb4 13. axb4 Rxa1 14. Qxa1 Nh5
15. Qa7 Bc8 16. Nf3 f5 17. Bg5 Qe8 18. exf5 gxf5 19. Qa5 c6 20. dxc6 bxc6 21.
Qc7 d5 22. Rc1 Bd7 23. Qd6 h6 24. Bd2 e4 25. dxe4 fxe4 26. Nfd4 Rf6 27. Qc7 Rg6
28. Kh1 Be5 29. Qb6 Qc8 30. g4 Bxg4 31. hxg4 Qxg4 32. Qd8+ Kh7 33. Qe7+ Bg7 34.
Ng3 Nxg3+ 35. fxg3 Qh3+ 36. Kg1 Qxg3+ 37. Kf1 Qg1+ 38. Ke2 Rg2# 0-1

[Event "Tournoi Skype 029A"]
[Site "Skype"]
[Date "????.??.??"]
[Round "2.5"]
[White "Caputi, Giuliano"]
[Black "Gungor, Gokhan"]
[Result "1-0"]
[WhiteElo "1782"]
[BlackElo "1579"]
[PlyCount "101"]

1. e4 c5 2. Nf3 d6 3. Bb5+ Bd7 4. c4 Nc6 5. O-O Nf6 6. Nc3 e6 7. d4 cxd4 8.
Nxd4 Be7 9. Be3 O-O 10. f3 Qc7 11. Rc1 a6 12. Nxc6 bxc6 13. Ba4 c5 14. Bxd7
Nxd7 15. b3 Ne5 16. f4 Nc6 17. g4 Rad8 18. f5 Qa5 19. g5 Rfe8 20. f6 Bf8 21.
Rf3 d5 22. exd5 exd5 23. Nxd5 Ne5 24. Rh3 g6 25. Bd2 Qa3 26. Re3 Nc6 27. Rxe8
Rxe8 28. Bc3 Bd6 29. Rc2 Nd4 30. Bxd4 cxd4 31. Re2 Rd8 32. Qe1 Bf8 33. Re8 Rxe8
34. Qxe8 Qc1+ 35. Kf2 Qc2+ 36. Kg3 Qd3+ 37. Kf2 Qf5+ 38. Ke2 d3+ 39. Kd1 Qg4+
40. Kd2 Qxg5+ 41. Kxd3 Qf5+ 42. Kd4 Qf2+ 43. Kd3 Qf3+ 44. Kd4 Qd1+ 45. Kc3 Qa1+
46. Kd3 Qd1+ 47. Kc3 Qf3+ 48. Kd2 Qg2+ 49. Kd3 Qh3+ 50. Kd4 Qe6 51. Ne7+ 1-0

[Event "Tournoi Skype 029A"]
[Site "Skype"]
[Date "????.??.??"]
[Round "2.6"]
[White "Hague, Mark"]
[Black "Elias, Roberto"]
[Result "0-1"]
[WhiteElo "1525"]
[BlackElo "1782"]
[PlyCount "94"]

1. d4 Nf6 2. c4 e6 3. Nc3 Bb4 4. a3 Bxc3+ 5. bxc3 c5 6. dxc5 Qa5 7. Qb3 Ne4 8.
Be3 Nxc5 9. Bxc5 Qxc5 10. g3 Nc6 11. Bg2 Na5 12. Qb4 Qxb4 13. axb4 Nxc4 14. Nh3
d5 15. O-O O-O 16. Ra2 Bd7 17. e4 dxe4 18. Bxe4 e5 19. Bxb7 Bxh3 20. Re1 Rab8
21. Rxa7 Nd6 22. Bd5 Nb5 23. Re7 Nxc3 24. Bg2 Bxg2 25. Kxg2 e4 26. Rc1 Rfc8 27.
Ra1 Rxb4 28. Raa7 Rf8 29. Ra3 Nd5 30. Rd7 Nf6 31. Rda7 h5 32. h4 Rb2 33. Ra2
Rxa2 34. Rxa2 Ng4 35. Re2 f5 36. f3 exf3+ 37. Kxf3 Nf6 38. Kf4 Ne4 39. Re3 g6
40. Ke5 Re8+ 41. Kf4 Kf7 42. Kf3 Nd2+ 43. Ke2 Rxe3+ 44. Kxe3 Nf1+ 45. Kf3 Ke6
46. Kf4 Kd5 47. Kg5 Nxg3 0-1

[Event "Tournoi Skype 029A"]
[Site "Skype"]
[Date "????.??.??"]
[Round "2.7"]
[White "Saponara, Jose Maria"]
[Black "Rico Hernandez, Edgar"]
[Result "0-1"]
[WhiteElo "1524"]
[BlackElo "1772"]
[PlyCount "64"]

1. e4 c6 2. d4 d5 3. e5 Bf5 4. Bd3 Bxd3 5. Qxd3 e6 6. Ne2 Nd7 7. Bf4 Ne7 8. a3
c5 9. c3 Nc6 10. O-O Be7 11. Nd2 Rc8 12. Nf3 a6 13. Rfd1 b5 14. a4 c4 15. Qd2
b4 16. Bg5 Rb8 17. Bxe7 Qxe7 18. Nc1 Na5 19. Qc2 O-O 20. b3 bxc3 21. Qxc3 Nxb3
22. Nxb3 Rxb3 23. Qa5 Rb6 24. Kf1 Rfb8 25. Ke1 Nf8 26. Rdc1 Ng6 27. Ra2 Nf4 28.
Kf1 Nd3 29. Rd1 h6 30. Ke2 Qb7 31. g3 Qc6 32. Qd2 Rb2 0-1

[Event "Tournoi Skype 029A"]
[Site "Skype"]
[Date "????.??.??"]
[Round "2.8"]
[White "Mayor Martinez, Juan Jose"]
[Black "Lovell, Stan"]
[Result "1-0"]
[WhiteElo "1749"]
[BlackElo "1575"]
[PlyCount "91"]

1. d4 Nf6 2. c4 g6 3. Nc3 d5 4. cxd5 Nxd5 5. e4 Nxc3 6. bxc3 Bg7 7. Bb2 O-O 8.
Nf3 c5 9. d5 Qa5 10. Qb3 Nd7 11. a4 Nb6 12. Bd3 Bg4 13. Nd2 Bd7 14. Nc4 Nxc4
15. Bxc4 Qc7 16. O-O Be5 17. g3 Bh3 18. Rfe1 a6 19. Bf1 Bxf1 20. Rxf1 c4 21.
Qc2 Rab8 22. f4 Bg7 23. Rad1 b5 24. axb5 Rxb5 25. Kg2 Rfb8 26. Ba1 a5 27. Rb1
Rb3 28. Rxb3 Rxb3 29. e5 Qc5 30. Rd1 Bf8 31. Qf2 Qxf2+ 32. Kxf2 a4 33. Ke2 a3
34. Kd2 f6 35. Kc2 Rb5 36. d6 exd6 37. exd6 Rb8 38. d7 Be7 39. Rd4 Kf7 40. Rxc4
Ke6 41. Rc8 Rb6 42. d8=Q Bxd8 43. Rxd8 Ra6 44. Kb3 Kf5 45. Rd2 Ke4 46. Ra2 1-0

[Event "Tournoi Skype 029A"]
[Site "Skype"]
[Date "????.??.??"]
[Round "2.9"]
[White "Chavero, Victor"]
[Black "Septien, Valeriano"]
[Result "0-1"]
[WhiteElo "1283"]
[BlackElo "1749"]
[PlyCount "102"]

1. d4 Nf6 2. Nf3 c5 3. e3 g6 4. c3 Qc7 5. Bd3 Bg7 6. Nbd2 d5 7. O-O O-O 8. e4
dxe4 9. Nxe4 Nxe4 10. Bxe4 cxd4 11. Nxd4 a6 12. Be3 Nd7 13. Rc1 Nf6 14. Bc2 Ng4
15. Nf3 Nxe3 16. fxe3 Qb6 17. Bb3 Qxe3+ 18. Kh1 Qc5 19. Rc2 b5 20. h4 Bf5 21.
Rcf2 Rad8 22. Rd2 Rxd2 23. Qxd2 a5 24. Ng5 e6 25. Qd7 a4 26. Bxe6 Bxe6 27. Nxe6
fxe6 28. Qxe6+ Kh8 29. Rxf8+ Qxf8 30. Qe2 Qf5 31. g4 Qd5+ 32. Kg1 Bf8 33. Qg2
Qxg2+ 34. Kxg2 Kg7 35. Kf3 Kf6 36. Ke4 Ke6 37. Kf4 Kd5 38. Ke3 Be7 39. h5 g5
40. Kd3 Ke5 41. Ke3 Bc5+ 42. Kf3 h6 43. b3 a3 44. Ke2 Kf4 45. Kd3 Kxg4 46. b4
Bb6 47. c4 bxc4+ 48. Kxc4 Kf3 49. Kc3 g4 50. Kb3 g3 51. Kxa3 g2 0-1

[Event "Tournoi Skype 029A"]
[Site "Skype"]
[Date "????.??.??"]
[Round "2.10"]
[White "Grosso, Raul"]
[Black "Garcia Diaz, Jose"]
[Result "1-0"]
[WhiteElo "1746"]
[BlackElo "1506"]
[PlyCount "85"]

1. d4 Nf6 2. Nf3 d5 3. c4 c6 4. Nc3 e6 5. Bg5 Be7 6. e3 h6 7. Bf4 Bb4 8. Nd2
Bxc3 9. bxc3 O-O 10. Bd3 dxc4 11. Nxc4 Nd5 12. Bc2 Nxf4 13. exf4 b5 14. Ne5 Bb7
15. Qd3 f5 16. O-O Nd7 17. Bb3 Rf6 18. Rfe1 Nxe5 19. Rxe5 Qd6 20. Rae1 Re8 21.
Rxf5 Rxf5 22. Qxf5 Bc8 23. Qg6 Bd7 24. g3 Kf8 25. f5 Qe7 26. Bxe6 Qf6 27. Qxf6+
gxf6 28. f4 Re7 29. Kf2 Bxe6 30. Rxe6 Rxe6 31. fxe6 f5 32. g4 fxg4 33. Kg3 h5
34. Kh4 Ke7 35. f5 Kf6 36. Kxh5 a5 37. a3 Kxf5 38. e7 Ke4 39. e8=Q+ Kd3 40.
Qxc6 b4 41. cxb4 axb4 42. axb4 Kxd4 43. b5 1-0

[Event "Tournoi Skype 029A"]
[Site "Skype"]
[Date "????.??.??"]
[Round "2.11"]
[White "L'Herbon De Lussats, Jean"]
[Black "Rapaire, Jean-Michel"]
[Result "0-1"]
[WhiteElo "1259"]
[BlackElo "1739"]
[PlyCount "110"]

1. d4 b6 2. g3 Bb7 3. Nf3 Nf6 4. Bg2 d6 5. O-O e6 6. Bg5 Be7 7. Nbd2 Nbd7 8. c4
c5 9. Qc2 h6 10. Bf4 cxd4 11. Nxd4 Bxg2 12. Kxg2 e5 13. Nc6 Qc7 14. Nxe7 Kxe7
15. Be3 Ng4 16. Qf5 Nxe3+ 17. fxe3 f6 18. b3 Nc5 19. Qg6 Rhg8 20. Rf2 Qc6+ 21.
e4 Qe8 22. Qf5 Ne6 23. e3 Qc8 24. h4 Nc5 25. g4 Qxf5 26. exf5 a5 27. e4 g6 28.
fxg6 Rxg6 29. Kg3 Rag8 30. g5 fxg5 31. h5 Rf6 32. Raf1 Rgf8 33. Rf5 Nxe4+ 34.
Nxe4 Rxf5 35. Rxf5 Rxf5 36. Nf2 Rxf2 37. Kxf2 Ke6 38. Ke3 Kf5 39. a3 g4 40. b4
axb4 41. axb4 e4 42. Kd4 g3 43. Kd5 g2 44. Kxd6 g1=Q 45. c5 bxc5 46. bxc5 Qxc5+
47. Kxc5 e3 48. Kd4 e2 49. Ke3 e1=Q+ 50. Kf3 Qc3+ 51. Kg2 Kf4 52. Kh2 Kg4 53.
Kg2 Qd2+ 54. Kf1 Kf3 55. Kg1 Qg2# 0-1

[Event "Tournoi Skype 029A"]
[Site "Skype"]
[Date "????.??.??"]
[Round "2.13"]
[White "Ram, Madhukesh"]
[Black "Sanchez Ruiz, Piedad Esmeralda"]
[Result "1/2-1/2"]
[WhiteElo "1243"]
[BlackElo "1706"]
[PlyCount "82"]

1. e4 c5 2. Nf3 e6 3. d4 cxd4 4. Nxd4 a6 5. Bc4 b5 6. Bb3 Bb7 7. f3 Qc7 8. Be3
Ne7 9. Nc3 Nbc6 10. Qd2 Nxd4 11. Bxd4 Nc6 12. O-O-O Nxd4 13. Qxd4 Bc6 14. e5 a5
15. a4 bxa4 16. Nxa4 Rb8 17. Nc5 Rb5 18. Nxd7 Bxd7 19. Qxd7+ Qxd7 20. Rxd7 Rxb3
21. Rhd1 Rb8 22. Ra7 Bc5 23. Rxa5 Be3+ 24. Kb1 O-O 25. Ra3 Bf4 26. Rad3 Bxe5
27. c3 Bxh2 28. Rd7 Be5 29. R1d3 g5 30. b4 Rfc8 31. Kc2 h5 32. Kb3 Rc7 33. c4
Rxd7 34. Rxd7 Kf8 35. c5 Rc8 36. Kc4 Ke8 37. Ra7 Bg3 38. Kb5 Rb8+ 39. Kc4 Rc8
40. Kb5 Rb8+ 41. Kc4 Rc8 1/2-1/2

[Event "Tournoi Skype 029A"]
[Site "Skype"]
[Date "????.??.??"]
[Round "2.14"]
[White "Quintero Gemio, Antonio Joaquin"]
[Black "Gharbi, Said"]
[Result "1-0"]
[WhiteElo "1705"]
[BlackElo "1335"]
[PlyCount "77"]

1. d4 e5 2. dxe5 Nc6 3. Nf3 Qe7 4. Nc3 Nxe5 5. Nd5 Nxf3+ 6. gxf3 Qd8 7. Bf4 d6
8. e4 Be6 9. Rg1 Bxd5 10. Qxd5 c6 11. Qd4 Nf6 12. O-O-O Nh5 13. Bxd6 Bxd6 14.
Qxd6 Qxd6 15. Rxd6 O-O 16. Rd7 b5 17. Rc7 Rfc8 18. Rxc8+ Rxc8 19. Bh3 Rd8 20.
Rd1 Rxd1+ 21. Kxd1 c5 22. Bd7 a6 23. Kd2 Nf6 24. Bc8 a5 25. Ba6 b4 26. c3 Nd7
27. cxb4 axb4 28. a3 bxa3 29. bxa3 Ne5 30. Be2 Nc6 31. f4 f6 32. Bc4+ Kf8 33.
a4 Ke7 34. Bd5 Na5 35. e5 f5 36. h4 h6 37. h5 Kd7 38. Kc3 Ke7 39. Bg8 1-0

[Event "Tournoi Skype 029A"]
[Site "Skype"]
[Date "????.??.??"]
[Round "2.15"]
[White "Bendre, Pankaj"]
[Black "Calcino, Luis"]
[Result "0-1"]
[WhiteElo "1182"]
[BlackElo "1687"]
[PlyCount "62"]

1. d4 Nf6 2. Nf3 g6 3. e3 Bg7 4. Nbd2 O-O 5. c4 d5 6. Bd3 e6 7. O-O Nbd7 8. c5
c6 9. b3 Re8 10. Ne5 Nxe5 11. dxe5 Nd7 12. Nf3 Nxe5 13. Nxe5 Bxe5 14. Rb1 Qa5
15. a4 Qxc5 16. Bd2 Bc7 17. b4 Qd6 18. g3 e5 19. e4 f5 20. exf5 e4 21. Bc2 Bxf5
22. Bf4 Qd7 23. Bh6 Bh3 24. Re1 Bg4 25. Qd4 Be5 26. Qe3 Bf3 27. Bd1 d4 28. Qb3+
Qf7 29. Bxf3 exf3 30. Qd3 Rad8 31. Re2 fxe2 0-1

[Event "Tournoi Skype 029A"]
[Site "Skype"]
[Date "????.??.??"]
[Round "2.16"]
[White "Lambert, Pierre"]
[Black "Grib, Johannes"]
[Result "1-0"]
[WhiteElo "1647"]
[BlackElo "1259"]
[PlyCount "75"]

1. e4 d6 2. d4 Nd7 3. Nf3 c6 4. c4 e5 5. Be3 h6 6. Be2 Ngf6 7. Nc3 Be7 8. O-O
Nf8 9. dxe5 Ng4 10. Bf4 Ne6 11. Bg3 h5 12. exd6 h4 13. Nxh4 Bxh4 14. Bxg4 Bxg3
15. fxg3 Qb6+ 16. Rf2 Bd7 17. Na4 Qe3 18. Qf3 Qxf3 19. gxf3 Ng5 20. Bxd7+ Kxd7
21. Kg2 Kxd6 22. Rd1+ Kc7 23. Nc5 Rad8 24. Rxd8 Rxd8 25. h4 Nh7 26. e5 Kb6 27.
Ne4 Rd7 28. Re2 c5 29. Kf2 Nf8 30. Ng5 Ne6 31. Nxe6 fxe6 32. Ke3 Rd4 33. b3 Kc6
34. Rd2 Rxd2 35. Kxd2 b5 36. Kd3 a5 37. h5 bxc4+ 38. Kxc4 1-0

[Event "Tournoi Skype 029A"]
[Site "Skype"]
[Date "????.??.??"]
[Round "2.17"]
[White "Cuellar Martinez, Jose Gabriel"]
[Black "Navghane, Rahul"]
[Result "1/2-1/2"]
[WhiteElo "1608"]
[BlackElo "1026"]
[PlyCount "183"]

1. d4 b6 2. Bf4 Bb7 3. e3 c5 4. c3 cxd4 5. exd4 d6 6. Nf3 Nd7 7. Bd3 Ngf6 8. h3
e6 9. Nbd2 Be7 10. Nc4 Nd5 11. Nxd6+ Bxd6 12. Bxd6 N7f6 13. Ba3 Bc6 14. O-O Ne7
15. Ne5 Bd7 16. Qc2 O-O 17. Nxd7 Qxd7 18. Rad1 Rfe8 19. c4 Qc7 20. c5 Ng6 21.
Bb5 Red8 22. Qe2 Nf4 23. Qf3 N6d5 24. Rc1 bxc5 25. Bxc5 Qb7 26. Ba4 Qxb2 27.
Bb3 Ne2+ 28. Kh2 Nxc1 29. Bxd5 Rxd5 30. Ba3 Qxd4 31. Bxc1 Rc8 32. Be3 Qb2 33.
Bxa7 Qxa2 34. Be3 Qa8 35. g3 Rf5 36. Qe2 h6 37. Rd1 Rd8 38. Rc1 Ra5 39. Bb6 Ra2
40. Qg4 Rdd2 41. Qf4 Qa4 42. Rc8+ Kh7 43. Qxf7 Qb3 44. Rc7 Rxf2+ 45. Bxf2 Qb2
46. Qf3 Qxf2+ 47. Qxf2 Rxf2+ 48. Kg1 Rf6 49. Rc2 g5 50. Kg2 Kg6 51. g4 h5 52.
Re2 h4 53. Re5 Kh6 54. Re2 Kg7 55. Re5 Rg6 56. Kf3 Rf6+ 57. Ke4 Rf4+ 58. Ke3
Kf6 59. Rb5 Rc4 60. Kd3 Rf4 61. Ke3 Ra4 62. Rb3 Ra1 63. Kf2 Ra2+ 64. Ke3 Rh2
65. Ke4 Re2+ 66. Kf3 Ra2 67. Ke4 Rc2 68. Rf3+ Kg6 69. Ke5 Re2+ 70. Kd4 e5+ 71.
Kd3 Re1 72. Kd2 Re4 73. Rf5 Kh6 74. Kd3 Re1 75. Kd2 Rh1 76. Rxe5 Rxh3 77. Ke2
Rg3 78. Re4 h3 79. Re8 Kg7 80. Re7+ Kf6 81. Rh7 Kg6 82. Rh5 Rxg4 83. Rxh3 Rf4
84. Rf3 Kf5 85. Rxf4+ Kxf4 86. Kf2 Kg4 87. Kg2 Kh4 88. Kh2 g4 89. Kg2 g3 90.
Kg1 Kh3 91. Kh1 Kg4 92. Kg2 1/2-1/2

[Event "Tournoi Skype 029A"]
[Site "Skype"]
[Date "????.??.??"]
[Round "2.18"]
[White "Blasco, Raul"]
[Black "Perrone, Gabriel Lorenzo"]
[Result "1-0"]
[WhiteElo "1978"]
[BlackElo "1377"]
[PlyCount "67"]

1. e4 e5 2. Nf3 Nc6 3. Bb5 d6 4. d4 Bd7 5. O-O Nf6 6. Nc3 Be7 7. Bxc6 Bxc6 8.
dxe5 dxe5 9. Nxe5 Bxe4 10. Nxe4 Nxe4 11. Qf3 Nf6 12. Qxb7 O-O 13. Nc6 Qd7 14.
Bf4 Bd6 15. Rad1 Qe6 16. Bxd6 cxd6 17. b3 d5 18. Ne7+ Kh8 19. Nxd5 Nxd5 20.
Qxd5 Rfe8 21. Qxe6 Rxe6 22. Rd7 Re2 23. Rc7 g6 24. g3 a5 25. Rd1 a4 26. Kf1 Re6
27. Rxf7 axb3 28. axb3 Rc8 29. Rdd7 h5 30. c4 Rb8 31. Rb7 Rb6 32. Rf8+ Rxf8 33.
Rxb6 Rc8 34. Rxg6 1-0